Visualizzazione normale
Vista MARC
- Cellamare Rosalino (Ron)
di Personal Name
Records bibliografici associati: 1
001 - CONTROL NUMBER
- control field: 24138
003 - CONTROL NUMBER IDENTIFIER
- control field: IT-RoPau
005 - DATE AND TIME OF LATEST TRANSACTION
- control field: 20140506103900.0
008 - FIXED-LENGTH DATA ELEMENTS
- fixed length control field: 140506|| aca||aabn | a|a d
040 ## - CATALOGING SOURCE
- Original cataloging agency: IT-RoPau
- Transcribing agency: IT-RoPau
100 ## - HEADING--PERSONAL NAME
- Personal name: Cellamare Rosalino (Ron)
- Miscellaneous information: Codice autore musica SPICS: 14296
- Relator term: Autore musica
- Name of part/section of a work: Maria dei parafulmini
670 ## - SOURCE DATA FOUND
- Source citation: Work cat.: (IT-RoPau)101731: Lauzi Bruno 24128, Musica del mondo (La) (Lp Fm 13610)